000 00828nam a2200217 i 4500
001 123109
003 ES-MaACL
005 20251113183512.0
007 t|
008 070214s1971 sp r ||||0| spa d
245 0 1 _a¿Qué es el carlismo? /
_cedición cuidada por Francisco Elías de Tejada-Spinola, Rafael Gambra Ciudad, Francisco Puy Muñoz.
260 _aMadrid :
_bCentro de Estudios Históricos y Políticos `General Zumalacárregui`,
_c1971.
300 _a206 p ;
_c18 cm.
610 2 4 _aPartido Carlista.
_96133
700 1 _aElías de Tejada, Francisco.
_946976
700 1 _aGambra, Rafael.
_953775
700 1 _aPuy Muñoz, Francisco,
_d1936-
_994445
710 2 _aCentro de Estudios Históricos y Políticos "General Zumalacárregui"
_92650
852 _aES-MaACL
_jC-50199
_bR.80024
999 _c123109
_d123109